| 000 | 00452nam a22001457a 4500 | ||
|---|---|---|---|
| 999 |
_c7906 _d7906 |
||
| 003 | OSt | ||
| 005 | 20200601123609.0 | ||
| 008 | 200601b ||||| |||| 00| 0 eng d | ||
| 020 | _a9780240807409 | ||
| 082 |
_a770.3 _bPER |
||
| 100 | _a Peres, Michael R.; Peres, Michael R. | ||
| 245 | _aThe Focal encyclopedia of photography : digital imaging, theory and applications, history, and science | ||
| 260 |
_aNew York _bElsevier _c4th April 2007 |
||
| 942 | _2ddc | ||